| 000 | 003570000a22001450004500 | ||
|---|---|---|---|
| 005 | 20120302063356.0 | ||
| 942 | _cBOOK | ||
| 100 | _a DHERE , RMACHANDRA CHINTAMAN | ||
| 245 | _a KALPADRUMACHIYE TALI | ||
| 260 | _aPUNE : UTKARSHA PRAKASHAN,1990 | ||
| 300 | _a216 P. | ||
| 040 | _aMAR | ||
| 365 | _bRS.90/- | ||
| 650 | _aLEKHA / DNYANESHWAR / DNYANESHWARI | ||
| 999 |
_c359343 _d359340 |
||